00422nam a2200169Ia 4500003000400000005001700004008004000021020001800061040000700079041000800086082001800094100001700112245007000129260002800199300000900227650001600236OSt20250923112545.0210210b2011 xxu||||| |||| 00| 0 eng d a9781851686704 cAL aeng a150.1953 ADLW aAlfred Adler aWhat life could mean to youb: psychology of personal development aEnglandbOneworldc2011 a250p adevelopment